Dreamworks Animation by Tagline Quiz Stats

Quiz Updated Apr 15, 2016

Challenge
Share
Tweet
Embed
Score 0/22 Timer 06:00
0 Plays Today
% Correct
Chicken Run
93.3%
Shark Tale
89.9%
Bee Movie
89.3%
Flushed Away
88.7%
Turbo
85.7%
The Croods
81.6%
The Road to El Dorado
77.3%
Over The Hedge
75%
Shrek
74.1%
Rise of the Guardians
62.4%
Antz
57%
% Correct
Kung Fu Panda
56.2%
Monsters vs. Aliens
55.6%
The Prince of Egypt
54.3%
Penguins of Madagascar
50.7%
Megamind
50%
Wallace & Gromit: The Curse of the Were-Rabbit
45.4%
Puss in Boots
38.3%
Madagascar
38.1%
Mr. Peabody & Sherman
34.3%
Home
22.7%
How To Train Your Dragon
22.5%

You're not logged in!

Compare scores with friends on all Sporcle quizzes.
Join for Free
OR
Log In

You Might Also Like...

Show Comments

Extras

Top Quizzes Today


Score Distribution

Your Account Isn't Verified!

In order to create a playlist on Sporcle, you need to verify the email address you used during registration. Go to your Sporcle Settings to finish the process.

Report this User

Report this user for behavior that violates our Community Guidelines.

Details: